Las políticas de los años noventa para el sistema escolar /
Furkejuvvon:
| Váldodahkki: | |
|---|---|
| Materiálatiipa: | Texto |
| Fáddágilkorat: |
Lasit fáddágilkoriid
Eai fáddágilkorat, Lasit vuosttaš fáddágilkora!
|
MARC
| LEADER | 00000 a a2200000 04500 | ||
|---|---|---|---|
| 001 | 48156 | ||
| 003 | |||
| 040 | |||
| 090 | |a REV1291 (3) 1994 | ||
| 100 | |a Cox, Cristián | ||
| 245 | |a Las políticas de los años noventa para el sistema escolar / |c Cristián Cox | ||
| 773 | |g número3, (1994), 32 páginas : tablas | ||
| 999 | |c 20699 |d 20699 | ||
